SOME BEAUTIFUL INDIAN TREES (Record no. 466452)

MARC details
000 -LEADER
fixed length control field 00398nam a2200145Ia 4500
008 - FIXED-LENGTH DATA ELEMENTS--GENERAL INFORMATION
fixed length control field 100204s9999 xx 000 0 und d
082 ## - DEWEY DECIMAL CLASSIFICATION NUMBER
Item number 21563
100 ## - MAIN ENTRY--PERSONAL NAME
Personal name BLATTER E/ MILLARD WALTER
245 ## - TITLE STATEMENT
Title SOME BEAUTIFUL INDIAN TREES
260 ## - PUBLICATION, DISTRIBUTION, ETC. (IMPRINT)
Name of publisher, distributor, etc BBOMBAY NETURAL HISTORY SOC.
Date of publication, distribution, etc 1977
300 ## - PHYSICAL DESCRIPTION
Extent 165
630 ## - SUBJECT ADDED ENTRY--UNIFORM TITLE
Uniform title SOME BEAUTIFUL INDIAN TREES
730 ## - ADDED ENTRY--UNIFORM TITLE
Uniform title SOME BEAUTIFUL INDIAN TREES
942 ## - ADDED ENTRY ELEMENTS (KOHA)
Koha item type Book
Holdings
Withdrawn status Lost status Damaged status Not for loan Home library Current library Date acquired Cost, normal purchase price Total Checkouts Full call number Barcode Date last seen Cost, replacement price Price effective from Koha item type
        N. C. Kelkar Sarvajanik Library, Mulund N. C. Kelkar Sarvajanik Library, Mulund 02/04/2010 40.00   21563 NCKMULUND-21563 02/04/2010 40.00 02/04/2010 Book